Guess the country by GDP Ranking! - Statistics

General Stats
  • This quiz has been taken 17 times
  • The average score is 14 of 15
Answer Stats
Hint Answer % Correct
10 Canada
100%
2 China
100%
7 France
100%
3 Germany
100%
4 Japan
100%
9 Russia
100%
12 Spain
100%
1 USA
100%
11 Brazil
93%
5 India
93%
13 Mexico
93%
14 South Korea
93%
6 UK
93%
15 Australia
87%
8 Italy
87%
No matching quizzes found
Score Distribution
Percent of People with Each Score
Percentile by Number Answered
Your Score History
You have not taken this quiz